Osobná doprava a preprava 1

Bibliographic Details
Main Authors: Kousal, Milan (Author), Kováč, Milan (Author)
Format: Book
Language:Slovak
PhysicalDescription:275 s., 24,71 AH Tb. Fot. Sch. 29 cm
Published: Bratislava S.l. Alfa VŠD a spojov v Žiline [vyd.] 1982
Edition:1. vyd.

MARC

LEADER 00000nam a2200000 a 4500
001 vtls001099365
003 SK-MaSNL
005 20260301001228.0
008 250414s1982 xo 0 slo
015 |a SNBA1982/10 
035 |a SNK000042207 
040 |a SNK  |b slo  |c SNK  |e AACR2 
041 0 |a slo 
044 |a xo  |c SK 
080 |a 656(075.8)  |2 1981 
100 1 |a Kousal, Milan  |4 aut  |9 279246 
245 1 0 |a Osobná doprava a preprava 1  |c Milan Kousal, Milan Kováč 
250 |a 1. vyd. 
260 |a Bratislava  |b Alfa  |a S.l.  |b VŠD a spojov v Žiline [vyd.]  |c 1982  |e Bratislava  |f Západoslovenské tlačiarne 
300 |a 275 s., 24,71 AH  |b Tb. Fot. Sch.  |c 29 cm 
366 |e 300 výtl. 
500 |a Lit. 64. Dočasná vysokoškolská učebnica. 64 zázn. lit. o knihách, čl., zb., výsk. správach, kandidát. a dipl. prácach v jaz. slov., čes., rus., nem. a poľ. 
700 1 |a Kováč, Milan  |4 aut  |9 279247 
852 |a Slovenská národná knižnica 
954 |a doprava osobná  |a preprava osobná 
958 |a OND 
958 |a NB 
958 |a TL 
958 |a UV 
999 |c 534449  |d 536379 
952 |t P60, <04>, [BOOK], {604}  |a SNK  |b SNK  |y VYP  |7 0  |p 17A0057672  |o snkSB 34305/1 D1  |0 0  |1 0  |4 0  |d 1997-04-04  |l 0  |r 2004-12-31 00:00:00  |w 2026-02-23 
952 |t P60, <03>, [BOOK], {603}  |a SNK  |b SNK  |y PREZ  |7 0  |p 17A0220969  |o snkSB 34305/1  |0 0  |1 0  |4 0  |d 1999-12-06  |f 1  |l 0  |r 2025-04-09 00:00:00  |w 2026-02-23